|
|
|
|
| LEADER |
00742cam a2200217 7i4500 |
| 001 |
0000006085 |
| 005 |
20170218090000.0 |
| 020 |
|
|
|a 9810244533 (pbk.)
|
| 020 |
|
|
|a 9789810244538
|
| 090 |
0 |
0 |
|a HF1379
|b .T79 2001
|
| 100 |
1 |
|
|a Thompson, Henry
|
| 245 |
1 |
0 |
|a International economics :
|b global markets and international competition
|c Henry Thompson.
|
| 260 |
|
|
|a Singapore:
|b World Scientific,
|c 2001.
|
| 300 |
|
|
|a xi, 475 p.:
|b ill.;
|c 27cm.
|
| 504 |
|
|
|a Includes bibliographical references and indexes
|
| 650 |
0 |
0 |
|a Globalization
|
| 650 |
0 |
0 |
|a Competition, International
|
| 650 |
0 |
0 |
|a International trade
|
| 997 |
|
|
|a Business & Accountancy, Faculty
|
| 998 |
|
|
|a Finance, Degree
|
| 999 |
|
|
|a 0000003177
|b BOK
|c OPEN SHELF
|e 1st Floor, Shah Alam
|